000 00565nam a2200217Ia 4500
005 20241216005928.0
008 180423s9999||||xx |||||||||||||| ||und||
082 _a146.3
_bF26
100 _aFAUSTO FERNANDEZ, JULIO
245 0 _aEL MATERIALISMO MARXISTA
_bAL REALISMO CRISTIANO
250 _a2
260 _aEL SALVADOR
_bDIRECCION PUBLICACIONES
_c1970
300 _a342 pag.
_c20 cm
341 _h0
490 _v0
_a0
505 _aFILOSOFIA-MATERIALISMO MARXISTA
541 _aC
_d01-Sep-93
650 _aFILOSOFIA
856 _zHumanidades
942 _cLIBRO
999 _c942
_d942